Giải pháp quản lý đào tạo công nhân kĩ thuật đáp ứng nhu cầu phát triển khu kinh tế Dung Quất giai đoạn 2008 - 2015
Cơ sở lý luận về việc quản lý đào tạo nguồn nhân lực trình độ công nhân kĩ thuật đáp ứng nhu cầu phát triển KT-XH. Thực trạng công tác quản lý đào tạo công nhân KT tại khu kinh tế Dung Quất. Giải pháp quản lý đào tạo công nhân KT đáp ứng nhu cầu phát triển khu kinh tế Dung Quất, giai đoạn 2008 - 201...
Enregistré dans:
| Auteur principal: | |
|---|---|
| Autres auteurs: | |
| Format: | Livre |
| Langue: | Vietnamese |
| Publié: |
Đà Nẵng
ĐH Đà Nẵng
2009
|
| Sujets: | |
| Tags: |
Ajouter un tag
Pas de tags, Soyez le premier à ajouter un tag!
|
| Thư viện lưu trữ: | Mạng thư viện Đại học Đà Nẵng |
|---|
| LEADER | 01815nam a2200373 4500 | ||
|---|---|---|---|
| 001 | 000010832 | ||
| 003 | 7052 | ||
| 005 | 20111222101255.0 | ||
| 008 | 111222s2009 viesd | ||
| 041 | |a vie | ||
| 082 | |a 371.201 |b NG-T | ||
| 100 | |a Nguyễn Hồng Tây |e Tác giả | ||
| 245 | |a Giải pháp quản lý đào tạo công nhân kĩ thuật đáp ứng nhu cầu phát triển khu kinh tế Dung Quất giai đoạn 2008 - 2015 |c Nguyễn Hồng Tây | ||
| 260 | |a Đà Nẵng |b ĐH Đà Nẵng |c 2009 | ||
| 300 | |a 102 tr |c 29 cm |e 1 tóm tắt | ||
| 500 | |a Luận văn Thạc sĩ Giáo dục học. Chuyên ngành: Quản lý Giáo dục. Mã số: 60.14.05 | ||
| 520 | |a Cơ sở lý luận về việc quản lý đào tạo nguồn nhân lực trình độ công nhân kĩ thuật đáp ứng nhu cầu phát triển KT-XH. Thực trạng công tác quản lý đào tạo công nhân KT tại khu kinh tế Dung Quất. Giải pháp quản lý đào tạo công nhân KT đáp ứng nhu cầu phát triển khu kinh tế Dung Quất, giai đoạn 2008 - 2015 | ||
| 653 | |a Luận văn | ||
| 653 | |a Thạc sĩ Giáo dục học | ||
| 653 | |a Quản lý Giáo dục | ||
| 653 | |a Giải pháp | ||
| 653 | |a ĐT công nhân KT | ||
| 653 | |a Dung Quất | ||
| 700 | |a Lê Quang Sơn |c TS. |e Người hướng dẫn | ||
| OWN | |a LSP | ||
| AVA | |a UDN50 |b LSP |d 371.201 NG-T |e available |t Error 5001 Not defined in file expand_doc_bib_avail. |f 1 |g 0 |h N |i 0 |k 1 | ||
| 999 | |a From the UDN01 | ||
| AVA | |a UDN50 |b LSP |d 371.201 NG-T |e available |t Error 5001 Not defined in file expand_doc_bib_avail. |f 1 |g 0 |h N |i 0 |k 1 | ||
| TYP | |a Monograph | ||
| TYP | |a Printed language | ||
| 980 | |a Mạng thư viện Đại học Đà Nẵng | ||